El azar de las fronteras: políticas migratorias, ciudadania y justicia

Saved in:
Bibliographic Details
Main Author: Velasco, Juan Carlos (Author)
Format: Book
Language:Spanish
Published: Ciudad de México Fondo de Cultura Económica 2016
Edition:1a. ed
Series:Sección de Obras de Sociología
Subjects:
Tags: Add Tag
No Tags, Be the first to tag this record!

MARC

LEADER 00000cam a2200000 a 4500
001 UCC3212
003 CL-VaPUC
008 180422e20160000mx |||||||||||||||||spa|d
020 |a 9786071637130 
082 0 4 |a 304.898  |b VEL  |2 21 
100 0 |a Velasco, Juan Carlos  |e author  |9 597246 
245 1 3 |a El azar de las fronteras: políticas migratorias, ciudadania y justicia 
250 |a 1a. ed 
300 |a 371 p 
942 |c BK 
945 |d 20180422 17:11:00  |a arojas 
260 |a Ciudad de México  |b Fondo de Cultura Económica  |c 2016 
650 0 |a Migración   |9 331531 
650 0 |a Movilidad social  |9 315088 
650 0 |a Políticas migratorias  |9 566242 
583 |a last modification  |c 20180422 17:11:00  |k Rodrigo Vera 
490 0 |a Sección de Obras de Sociología 
999 |c 371017  |d 371015 
952 |0 0  |1 0  |3 erb  |4 0  |6 304_898000000000000_VEL_2016  |7 0  |8 A  |9 487859  |a BIBEDU  |b BIBEDU  |i 5465516  |o 304.898 VEL 2016  |p 5465516  |r 2019-11-24  |w 2019-11-24  |y BK  |z Catalogado en:20180422  |k LIT